Computer science : an overview

Saved in:
Bibliographic Details
Main Authors: Brookshear, J. Glenn, Brylow, Dennis (Author), Manasa S. (Author)
Format: Book
Language:English
Published: Boston : Pearson, c2015.
Edition:12th ed.
Series:Always learning
Subjects:
Tags: Add Tag
No Tags, Be the first to tag this record!

MARC

LEADER 00000nam a2200000 a 4500
001 1/108955
008 150929t2015####us | ||| |||| ||eng||
020 |a 9781292061160   |q (χαρτόδετο)  
040 |a GR-MyUa  |b gre  |c GR-MyUa  |e AACR2 
041 0 |a eng 
082 7 |a 004   |2 (23)  
100 1 |a Brookshear, J. Glenn. 
245 0 0 |a Computer science :   |b an overview /   |c J. Glenn Brookshear and Dennis Brylow ; global contributions by Manasa S.  
250 |a 12th ed.   |b global edition 
260 |a Boston :   |b Pearson,   |c c2015.  
300 |a 640 σ. :   |b διαγρ. ;   |c 26 εκ.  
490 1 |a Always learning  
504 |a Περιλαμβάνει βιβλιογραφικές παραπομπές και ευρετήριο.  
650 0 |a Computer science. 
700 1 |a Brylow, Dennis,  |e aut 
700 1 |a Manasa S.  |e aut 
830 0 |a Always learning 
852 |a INST  |b CHIOS  |e 20150929  |h 004 BRO  |p 005200037359  |q 005200037359  |t BK  |y 0 
922 |a 2ΕΛΗ  |b 2015-04  |c ΤΑΚ/ΤΝΕΥ  |d Δρες 
970 |a Σπέντζα  |b Ελένη  |z 29-09-2015